Fezan-e-Ramzan / (Record no. 565546)

000 -LEADER
fixed length control field 00305nam a2200109Ia 4500
008 - FIXED-LENGTH DATA ELEMENTS--GENERAL INFORMATION
fixed length control field 210430s9999 xx 000 0 und d
082 ## - DEWEY DECIMAL CLASSIFICATION NUMBER
Classification number 297 R6271F
100 ## - MAIN ENTRY--PERSONAL NAME
Personal name Muhammad Ilyas Atta Qadri Rizvi
9 (RLIN) 129508
245 ## - TITLE STATEMENT
Title Fezan-e-Ramzan /
Statement of responsibility, etc. Muhammad Ilyas Atta Qadri Rizvi
300 ## - PHYSICAL DESCRIPTION
Extent 693p.
942 ## - ADDED ENTRY ELEMENTS (KOHA)
Koha item type Book
Source of classification or shelving scheme
Holdings
Withdrawn status Lost status Source of classification or shelving scheme Damaged status Not for loan Permanent Location Current Location Date acquired Full call number Barcode Date last seen Price effective from Koha item type
          School of Chemical & Materials Engineering (SCME) School of Chemical & Materials Engineering (SCME) 03/16/8 297.42 R6271F SCME- D43 04/30/2021 04/30/2021 Book
© 2023 Central Library, National University of Sciences and Technology. All Rights Reserved.